Scrambled Geography Trios Quiz Stats

 Plays Quiz Updated Feb 7, 2020

Support Sporcle.
Go Orange.
Score 0/36 Timer 15:00
5 Plays Today
hint answer box % Correct
★ O V Q I A H O I Y R K I ★ ★ Iraq ★ O V H O I Y K I
78.7%
★ O V Q I A H O I Y R K I ★ ★ Ohio ★ V Q A I Y R K I
78.6%
★ A S K E D A R A R A T A Q X T ★★ Texas ★ K D A R A R A T A Q
70.5%
★ A S K E D A R A R A T A Q X T ★★ Qatar ★ S K E D A R A T A X
70.1%
★ O V Q I A H O I Y R K I ★ ★ Kyiv ★ O Q A H O I R I
60.1%
★ O A A S E S L A B R K A Z G L A ★★ Alaska ★ O E S B R A Z G L A
56.7%
★ A S K E D A R A R A T A Q X T ★★ Dakar ★ T S E A R A T A Q X
53.4%
★ L N E N U R O N U R A G O D O N O ★★ Oregon ★ L N U N U R A D O N O
47.2%
★ P I N K I E S N I P E S I L O S H I P L N L L H I I I★★ Philippines ★ N L L N I I I S I E O H S L K I
45.3%
★ U K N Y S U K E T O L G T Y E E P C ★★ Kentucky ★ S U O L G T Y E E P
44.1%
★ P I N K I E S N I P E S I L O S H I P L N L L H I I I★★ Illinois ★ H P N L N I E P I I S I E H S L P K I
43.3%
★ W S K E P B I I E S I P I I M S M S A H K S B B I Z ★★ Mississippi ★ Z K E B E I M A H K S B B I W
42.6%
★ O A A S E S L A B R K A Z G L A ★★ Laos ★ A E S A B R K A Z G L A
41.8%
★ P I N K I E S N I P E S I L O S H I P L N L L H I I I★★ Helsinki ★ P I N L L N I P I I S I E O H S L P I
41.7%
★ C E C N I C O O E E I N T V X T N C O E U I M T D M O ★★ Connecticut ★ O E E I V X N C O E I M T D M O
41.2%
★ L N E N U R O N U R A G O D O N O ★★ London ★ E U R N U R A G O N O
39.8%
★ U K N Y S U K E T O L G T Y E E P C ★★ Egypt ★ U K N S U K O L T Y E E C
39.6%
★ O A A S E S L A B R K A Z G L A ★★ Zagreb ★ K O A S S L A A L A
39%
hint answer box % Correct
★ C E C N I C O O E E I N T V X T N C O E U I M T D M O ★★ Mexico ★ C N C O E E I N T V T N C O E U I T D M O
38.4%
★ A U A H G Y A A M B U A U D G A D L A R B ★★ Alabama ★ U H G Y U A U D G A D A R B
36.2%
★ E E E E G W A D G L R E R R E A C E B D A L ★★ Greece ★ E W A D G L E R R E A E B D A L
35.9%
★ W S K E P B I I E S I P I I M S M S A H K S B B I Z ★★ Zimbabwe ★ S K P I E S I P I I S M S H K S B I
35.8%
★ E E E E G W A D G L R E R R E A C E B D A L ★★ Delaware ★ E E G G E R R E C E B D A L
35.7%
★ L N E N U R O N U R A G O D O N O ★★ Nauru ★ L E N O N R G O D O N O
33.5%
★ I I N L Z A A S E I K S B B T S L I E ★ ★ Kansas ★ I I L Z E I B B T S L I E
33.4%
★ U K N Y S U K E T O L G T Y E E P C ★★ Seoul ★ K N Y U K T G T Y E E P C
32.1%
★ I I N L Z A A S E I K S B B T S L I E ★ ★ Belize ★ I N A A S I K S B T S L I
31.9%
★ A U A H G Y A A M B U A U D G A D L A R B ★★ Uruguay ★ A H A A M B A D G A D L A B
30.8%
★ A U A H G Y A A M B U A U D G A D L A R B ★★ Baghdad ★ U Y A A M U A U G A L A R B
30.3%
★ N M U I M N B O N S G K W R I U Y I D ★ ★ Wyoming ★ U M N B N S K R I U I D
28.6%
★ W S K E P B I I E S I P I I M S M S A H K S B B I Z ★★ Bishkek ★ Z P I E S I P I I M S M S A S B B I W
28.5%
★ C E C N I C O O E E I N T V X T N C O E U I M T D M O ★★ Montevideo ★ C C C E I N X T N C O E U I T M O
28.1%
★ I I N L Z A A S E I K S B B T S L I E ★ ★ Tbilisi ★ N Z A A E K S B S L I E
23.3%
★ N M U I M N B O N S G K W R I U Y I D ★ ★ Minsk ★ U M N B O N G W R I U Y I D
22.5%
★ E E E E G W A D G L R E R R E A C E B D A L ★★ Belgrade ★ E E W G E R R E A C E D A L
22.4%
★ N M U I M N B O N S G K W R I U Y I D ★ ★ Burundi ★ M M N O N S G K W I Y I
20.3%

You're not logged in!

Compare scores with friends on all Sporcle quizzes.
OR
Log In

From the Vault

First Word TV Comedies

by lolshortee

You got some playin' to do, Lucy.
Remove Ads.
Support Sporcle.
Get the best of Sporcle when you Go Orange. This ad-free experience offers more features, more stats, and more fun while also helping to support Sporcle. Thank you for becoming a member.

Show Comments

Extras

Top Quizzes Today


Score Distribution

Your Account Isn't Verified!

In order to create a playlist on Sporcle, you need to verify the email address you used during registration. Go to your Sporcle Settings to finish the process.

Report this User

Report this user for behavior that violates our Community Guidelines.

Details: